Persuading people : expert solutions to everyday challenges.

Guardat en:
Dades bibliogràfiques
Format: Llibre
Idioma:English
Publicat: Boston, MA : Harvard Business Press, 2008.
Col·lecció:Pocket mentor series
Matèries:
Etiquetes: Afegir etiqueta
Sense etiquetes, Sigues el primer a etiquetar aquest registre!
LEADER 01028cam a2200289 i 4500
001 u93543
003 SIRSI
005 20210114122152.0
008 110131 eng
020 |a 9781422122730  |q pbk. 
020 |a 1422122735  |q pbk. 
050 |a HM1196   |b .P47 2008 
245 0 0 |a Persuading people :  |b expert solutions to everyday challenges. 
264 1 |a Boston, MA :  |b Harvard Business Press,  |c 2008. 
300 |a x, 91 pages ;  |c 18 cm. 
336 |a text  |b txt  |2 rdacontent 
337 |a unmediated  |b n  |2 rdamedia 
338 |a volume  |b nc  |2 rdacarrier 
490 1 |a Pocket mentor series 
596 |a 1 
650 0 |a Persuasion (Psychology)   |x Social aspects.  |9 7727 
650 0 |a Persuasion (Rhetoric).  |9 18035 
942 |c BOOK_OA 
997 |a 148991 
998 |a 1  |b Shafrizan Shafferi 
999 |c 154073  |d 154073 
952 |0 0  |1 0  |2 LCC  |4 0  |6 HM1196 P47 02008  |7 0  |9 278741  |a UTHM_LIB  |b UTHM_LIB  |c OPENACCS  |d 2009-01-08  |g 35.42  |l 1  |n 1  |o HM1196 .P47 2008  |p 1000225768  |q 2022-09-03  |r 2022-08-04  |s 2022-08-04  |t 1  |w 2020-12-05  |y BOOK_OA